Largest Municipalities in Norway Quiz Stats

 Plays Quiz not verified by Sporcle

Challenge
Share
Tweet
Embed
Score 0/20 Timer 03:00
0 Plays Today
Population City % Correct
623,966Oslo
100%
267,950Bergen
98.3%
179,692Trondheim
97.1%
129,191Stavanger
93.8%
70,358Tromsø
92.9%
84,476Kristiansand
80.9%
76,807Fredrikstad
73%
65,473Drammen
71%
49,203Bodø
68%
70,046Sandnes
62.2%
Population City % Correct
45,033Ålesund
61%
53,015Skien
57.7%
53,696Sarpsborg
54.8%
44,629Sandefjord
54.8%
116,677Bærum
54.4%
41,239Tønsberg
50.6%
43,132Larvik
47.7%
43,336Arendal
45.6%
57,418Asker
44%
50,532Skedsmo
32%

You're not logged in!

Compare scores with friends on all Sporcle quizzes.
OR
Log In

You Might Also Like...

Show Comments

Extras

Top Quizzes Today


Score Distribution

Your Account Isn't Verified!

In order to create a playlist on Sporcle, you need to verify the email address you used during registration. Go to your Sporcle Settings to finish the process.

Report this User

Report this user for behavior that violates our Community Guidelines.

Details: